| 000 | 01049cab a22002055a 4500 | ||
|---|---|---|---|
| 001 | L142952 | ||
| 008 | 080325e20080130xxk f 000 0 eng d | ||
| 035 | _a(Sirsi) u142952 | ||
| 041 | 0 | _aeng | |
| 100 | 1 | _aPalles-Clark, Rob | |
| 245 | 0 | 0 | _aNotice provisions |
| 260 | _c2008 | ||
| 490 | 0 |
_aContract Journal _v441(6660) 30 January 2008, 22(1) |
|
| 520 | _aConsiders whether notices are a condition precedent to entitlement to extensions of time. Explores the issues surrounding extension of time provisions in construction contracts and discusses the recent case "Steria Ltd v Sigma Ltd" ([2008] CILL 2544). In "Steria" the judge found that the ordinary language of the clause in the subcontract made the right to an extension of time conditional upon notification and in this case the clause operates as a condition precedent. | ||
| 590 | _aKA | ||
| 650 | 2 | 4 | _aSTERIA LTD V SIGMA WIRELESS COMMUNICATIONS LTD |
| 651 | 4 |
_aUnited Kingdom _y |
|
| 690 | _aBUILT ENVIRONMENT-CONSTRUCTION MANAGEMENT-BUILDING CONTRACT ADMINISTRATION | ||
| 942 | _n0 | ||
| 999 |
_c79988 _d79988 |
||